東芝の選択 : 8大プロジェクトを動かすE&E戦略

Spremljeno u:
Bibliografski detalji
Glavni autor: 岩井正和(いわい まさかず)
Format: Knjiga
Jezik:Undetermined
Izdano: 東京 ダイヤモンド社 1984
Teme:
Oznake: Dodaj oznaku
Bez oznaka, Budi prvi tko označuje ovaj zapis!
Thư viện lưu trữ: Trung tâm Học liệu Trường Đại học Cần Thơ
LEADER 00578nam a2200205Ia 4500
001 CTU_94423
008 210402s9999 xx 000 0 und d
082 |a 338.8 
082 |b I.97 
100 |a 岩井正和(いわい まさかず) 
245 0 |a 東芝の選択 : 
245 0 |b 8大プロジェクトを動かすE&E戦略 
245 0 |c 岩井正和 
260 |a 東京 
260 |b ダイヤモンド社 
260 |c 1984 
650 |a Corporations 
650 |x Japan 
904 |i Ngoc 
980 |a Trung tâm Học liệu Trường Đại học Cần Thơ